An investigation of the mediating role of personality and family functioning in the association between attachment styles and eating disorder status (Record no. 300190)
[ view plain ]
| 000 -LEADER | |
|---|---|
| fixed length control field | 00725nam a2200133Ia 4500 |
| 008 - FIXED-LENGTH DATA ELEMENTS--GENERAL INFORMATION | |
| fixed length control field | 160809s9999 xx 000 0 und d |
| 100 ## - MAIN ENTRY--PERSONAL NAME | |
| Personal name | Hunger, Christina. |
| 245 #3 - TITLE STATEMENT | |
| Title | An investigation of the mediating role of personality and family functioning in the association between attachment styles and eating disorder status |
| 245 ## - TITLE STATEMENT | |
| Statement of responsibility, etc | Christina Hunger and Jochen Schweitzer. |
| 260 ## - PUBLICATION, DISTRIBUTION, ETC. (IMPRINT) | |
| Name of publisher, distributor, etc | BMC Psychology |
| 260 ## - PUBLICATION, DISTRIBUTION, ETC. (IMPRINT) | |
| Date of publication, distribution, etc | 22 July 2016 |
| 650 ## - SUBJECT ADDED ENTRY--TOPICAL TERM | |
| General subdivision | PSYCHOLOGY |
| 856 ## - ELECTRONIC LOCATION AND ACCESS | |
| Uniform Resource Identifier | <a href="http://download.springer.com/static/pdf/439/art%253A10.1186%252Fs40359-016-0141-4.pdf?originUrl=http%3A%2F%2Fbmcpsychology.biomedcentral.com%2Farticle%2F10.1186%2Fs40359-016-0141-4&token2=exp=1469410080~acl=%2Fstatic%2Fpdf%2F439%2Fart%25253A10.1186%25252F">http://download.springer.com/static/pdf/439/art%253A10.1186%252Fs40359-016-0141-4.pdf?originUrl=http%3A%2F%2Fbmcpsychology.biomedcentral.com%2Farticle%2F10.1186%2Fs40359-016-0141-4&token2=exp=1469410080~acl=%2Fstatic%2Fpdf%2F439%2Fart%25253A10.1186%25252F</a> |
| Withdrawn status | Lost status | Damaged status | Home library | Current library | Date acquired | Total Checkouts | Date last seen | Price effective from | Koha item type |
|---|---|---|---|---|---|---|---|---|---|
| College Library | College Library | 08/09/2016 | 08/09/2016 | 08/09/2016 | Foreign e-journal articles |